000 00529nam a2200193Ia 4500
003 GCL
008 140319s9999 xx 000 0 ara d
040 _aGCL /
_cGCL
082 0 4 _a235
_bا ق
100 1 _aدار المنار
245 1 0 _aالاحاديث القدسية /
_cدار المنار
260 _a[S.N] :
_bدار احياء الكتب العربية
300 _a491 ص
490 _a
650 0 4 _aالاسلام
650 0 4 _aالحديث
650 0 4 _aالاحاديث القدسية
942 _2ddc
_cBK
999 _c29518
_d29518